| 000 | 00614nam a2200229Ia 4500 | ||
|---|---|---|---|
| 003 | 0100 | ||
| 008 | 130307s9999 xx 000 0 und d | ||
| 040 | _cARRUPELIB | ||
| 050 | _aB2430.L482E6 1996 | ||
| 245 | _aEmmanuel Levinas | ||
| 245 | _bbasic philosophical writings | ||
| 260 | _aIndianapolis | ||
| 260 | _bIndiana University Press | ||
| 260 | _c1996 | ||
| 300 | _axx | ||
| 300 | _b201p. 23cm. | ||
| 650 | _bHuman-computer interaction | ||
| 650 | _cVirtual reality | ||
| 650 | _dTechnology-Social aspects | ||
| 700 | _aPeperzak Adriaan T. , Critchley Simon, and Bernasconi (ed.) | ||
| 942 | 0 | 0 | _01 |
| 999 |
_c94085 _d94085 |
||